| 000 | 01528nam a2200265 a 4500 | ||
|---|---|---|---|
| 001 | ASIN1856695069 | ||
| 003 | OSt | ||
| 005 | 20180116192418.0 | ||
| 008 | 130823s2007 xxu eng d | ||
| 020 |
_a1856695069 (paperback) _c$35.00 |
||
| 020 | _a9781856695060 (paperback) | ||
| 040 | _c00 | ||
| 050 | 0 | 4 | _aTS183 |
| 082 | 0 | 4 | _a670 |
| 100 | 1 |
_aLefteri, Chris. _97043 |
|
| 245 | 1 | 0 |
_aMaking it : _bmanufacturing techniques for product design / _cChris Lefteri. |
| 260 |
_aLondon : _bLaurence King Publishers, _c2007. |
||
| 300 |
_a224 p. ; _c24 cm. |
||
| 520 | _aThere are many different ways in which a product can be manufactured, but most designers probably know only a handful of techniques in any detail. Using contemporary design as a vehicle to describe production processes, this book covers a broad range of almost 90 production methods with descriptive text, specially commissioned diagrams, product shots, and photographs of the manufacturing process. It will appeal not only to product designers involved in lighting, consumer electronics, packaging, domestic accessories and tableware, but also to interior designers, furniture and graphic designers who need access to a range of production methods, as well as to all students of design. | ||
| 650 | 0 |
_aIndustrial design _97044 |
|
| 650 | 0 |
_aManufacturing processes _97045 |
|
| 856 | 4 | 0 |
_3Amazon.com _uhttp://www.amazon.com/exec/obidos/ASIN/1856695069/chopaconline-20 |
| 942 |
_2ddc _cBK |
||
| 999 |
_c353819 _d353819 |
||